NHL Top 5 Calder Memorial Voting Since 2000 - Statistics

General Stats
  • This quiz has been taken 24 times
  • The average score is 48 of 126
Answer Stats
Year Team Player % Correct
2006: 2 Penguins Sidney Crosby
100%
2006: 1 Capitals Alexander Ovechkin
92%
2017: 1 Maple Leafs Auston Matthews
92%
2024: 1 Blackhawks Connor Bedard
92%
2024: 3 Devils Luke Hughes
92%
2008: 1 Blackhawks Patrick Kane
92%
2020: 2 Canucks Quinn Hughes
92%
2020: 1 Avalanche Cale Makar
85%
2007: 1 Penguins Evgeni Malkin
85%
2025: 1 Canadiens Lane Hutson
85%
2025: 3 Sharks Macklin Celebrini
85%
2015: 1 Panthers Aaron Ekblad
77%
2016: 3 Oilers Connor McDavid
77%
2025: 2 Flames Dustin Wolf
77%
2019: 1 Canucks Elias Pettersson
77%
2010: 5 Islanders John Tavares
77%
2008: 3 Blackhawks Jonathan Toews
77%
2021: 1 Wild Kirill Kaprizov
77%
2025: 4 Flyers Matvei Michkov
77%
2014: 1 Avalanche Nathan MacKinnon
77%
2019: 5 Senators Brady Tkachuk
69%
2024: 2 Wild Brock Faber
69%
2018: 3 Coyotes Clayton Keller
69%
2018: 1 Islanders Mathew Barzal
69%
2023: 1 Kraken Matty Beniers
69%
2022: 1 Red Wings Moritz Seider
69%
2017: 2 Jets Patrik Laine
69%
2016: 1 Blackhawks Artemi Panarin
62%
2018: 2 Canucks Brock Boeser
62%
2022: 4 Red Wings Lucas Raymond
62%
2019: 4 Stars Miro Heiskanen
62%
2008: 2 Capitals Nicklas Bäckström
62%
2019: 3 Sabres Rasmus Dahlin
62%
2009: 1 Blue Jackets Steve Mason
62%
2023: 5 Stars Wyatt Johnston
62%
2025: 5 Ducks Cutter Gauthier
54%
2016: 4 Sabres Jack Eichel
54%
2021: 2 Stars Jason Robertson
54%
2011: 1 Hurricanes Jeff Skinner
54%
2015: 3 Flames Johnny Gaudreau
54%
2024: 5 Coyotes Logan Cooley
54%
2017: 5 Maple Leafs Mitch Marner
54%
2013: 5 Oilers Nail Yakupov
54%
2023: 2 Oilers Stuart Skinner
54%
2014: 3 Lightning Tyler Johnson
54%
2008: 4 Canadiens Carey Price
46%
2009: 5 Kings Drew Doughty
46%
2016: 5 Red Wings Dylan Larkin
46%
2015: 4 Predators Filip Forsberg
46%
2012: 1 Avalanche Gabriel Landeskog
46%
2002: 2 Thrashers Ilya Kovalchuk
46%
2011: 5 Capitals John Carlson
46%
2013: 1 Panthers Jonathan Huberdeau
46%
2019: 2 Blues Jordan Binnington
46%
2018: 4 Jets Kyle Connor
46%
2010: 3 Avalanche Matt Duchene
46%
2023: 3 Sabres Owen Power
46%
2003: 3 Blue Jackets Rick Nash
46%
2012: 2 Oilers Ryan Nugent-Hopkins
46%
2022: 2 Ducks Trevor Zegras
46%
2020: 4 Rangers Adam Fox
38%
2007: 4 Kings Anze Kopitar
38%
2009: 2 Ducks Bobby Ryan
38%
2018: 5 Bruins Charlie McAvoy
38%
2017: 4 Penguins Matt Murray
38%
2022: 3 Maple Leafs Michael Bunting
38%
2002: 4 Red Wings Pavel Datsyuk
38%
2010: 1 Sabres Tyler Myers
38%
2017: 3 Blue Jackets Zach Werenski
38%
2011: 4 Blackhawks Corey Crawford
31%
2003: 2 Red Wings Henrik Zetterberg
31%
2007: 3 Penguins Jordan Staal
31%
2009: 4 Predators Pekka Rinne
31%
2013: 2 Canadiens Brendan Gallagher
23%
2002: 1 Thrashers Dany Heatley
23%
2006: 4 Rangers Henrik Lundqvist
23%
2021: 5 Rangers Igor Shesterkin
23%
2021: 4 Senators Joshua Norris
23%
2011: 2 Sharks Logan Couture
23%
2024: 4 Hurricanes Pyotr Kochetkov
23%
2004: 1 Bruins Andrew Raycroft
15%
2001: 2 Lightning Brad Richards
15%
2020: 5 Blue Jackets Elvis Merzļikins
15%
2022: 5 Bruins Jeremy Swayman
15%
2010: 2 Red Wings Jimmy Howard
15%
2015: 2 Senators Mark Stone
15%
2023: 4 Coyotes Matias Maccelli
15%
2014: 2 Lightning Ondřej Palát
15%
2000: 1 Devils Scott Gomez
15%
2016: 2 Flyers Shayne Gostisbehere
15%
2012: 3 Devils Adam Henrique
8%
2021: 3 Hurricanes Alex Nedeljkovic
8%
2003: 1 Blues Barret Jackman
8%
2013: 3 Blackhawks Brandon Saad
8%
2012: 5 Rangers Carl Hagelin
8%
2020: 3 Blackhawks Dominik Kubalík
8%
2015: 5 Stars John Klingberg
8%
2012: 4 Flyers Matt Read
8%
2011: 3 Islanders Michael Grabner
8%
2014: 5 Penguins Olli Määttä
8%
2000: 4 Flyers Simon Gagné
8%
2003: 5 Sabres Aleš Kotalík
0%
2000: 5 Avalanche Alex Tanguay
0%
2006: 5 Bruins Brad Boyes
0%
2000: 2 Sharks Brad Stuart
0%
2006: 3 Flames Dion Phaneuf
0%
2007: 5 Ducks Dustin Penner
0%
2002: 5 Hurricanes Erik Cole
0%
2001: 1 Sharks Evgeni Nabokov
0%
2004: 4 Avalanche John-Michael Liles
0%
2013: 4 Wild Jonas Brodin
0%
2002: 3 Panthers Kristian Huselius
0%
2009: 3 Blackhawks Kris Versteeg
0%
2001: 4 Kings Ľubomír Višňovský
0%
2006: 5 Avalanche Marek Svatoš
0%
2001: 3 Senators Martin Havlát
0%
2004: 2 Canadiens Michael Ryder
0%
2000: 3 Rangers Mike York
0%
2007: 2 Avalanche Paul Stastny
0%
2008: 5 Coyotes Peter Mueller
0%
2004: 5 Penguins Ryan Malone
0%
2001: 5 Hurricanes Shane Willis
0%
2014: 4 Bruins Torey Krug
0%
2004: 3 Islanders Trent Hunter
0%
2010: 4 Bruins Tuukka Rask
0%
2003: 4 Blackhawks Tyler Arnason
0%
No matching quizzes found
Score Distribution
Percent of People with Each Score
Percentile by Number Answered
Your Score History
You have not taken this quiz